ARRUPE JESUIT UNIVERSITY

CORONAVIRUS -STOP THE SPREAD - CLEAN,DISINFECT,COVER

Catholicism (Record no. 421)

MARC details
000 -LEADER
fixed length control field 00495nam a2200229Ia 4500
003 - CONTROL NUMBER IDENTIFIER
control field 0100
008 - FIXED-LENGTH DATA ELEMENTS--GENERAL INFORMATION
fixed length control field 130227s9999 xx 000 0 und d
040 ## - CATALOGING SOURCE
Transcribing agency ARRUPELIB
050 ## - LIBRARY OF CONGRESS CALL NUMBER
Classification number BX1752.H64
100 ## - MAIN ENTRY--PERSONAL NAME
Personal name Holloway, Edward
245 ## - TITLE STATEMENT
Title Catholicism
245 ## - TITLE STATEMENT
Remainder of title a new synthesis
260 ## - PUBLICATION, DISTRIBUTION, ETC. (IMPRINT)
Place of publication, distribution, etc Wickford
260 ## - PUBLICATION, DISTRIBUTION, ETC. (IMPRINT)
Name of publisher, distributor, etc Keyway Publication
260 ## - PUBLICATION, DISTRIBUTION, ETC. (IMPRINT)
-- 1969
300 ## - PHYSICAL DESCRIPTION
Extent 503p
300 ## - PHYSICAL DESCRIPTION
Other physical details 22cm
650 ## - SUBJECT ADDED ENTRY--TOPICAL TERM
Topical term following geographic name as entry element Drama
650 ## - SUBJECT ADDED ENTRY--TOPICAL TERM
Location of event Psychoanalysis
650 ## - SUBJECT ADDED ENTRY--TOPICAL TERM
Active dates Symbolism
942 ## - ADDED ENTRY ELEMENTS (KOHA)
Source of classification or shelving scheme Library of Congress Classification
Koha issues (borrowed), all copies 1
Holdings
Withdrawn status Lost status Source of classification or shelving scheme Damaged status Not for loan Collection code Home library Current library Shelving location Date acquired Total Checkouts Full call number Barcode Date last seen Date last borrowed Copy number Price effective from Koha item type
    Library of Congress Classification     Main Collection ARRUPE LIBRARY ARRUPE LIBRARY   27/02/2013 1 BX1752.H64 46400686 22/11/2017 14/08/2015 1 27/02/2013 Monograph ( Printed materials)

 

Arrupe Library. PO Box MP320 Mt Pleasant, Harare, Zimbabwe
263 242 745411|librarian@aju.ac.zw